A history of aesthetic
Salvato in:
| Autore principale: | |
|---|---|
| Natura: | Libro |
| Lingua: | inglese |
| Pubblicazione: |
Londres
George Allen & Unwin
1966
|
| Serie: | Muirhead Library Philosophy
|
| Soggetti: | |
| Tags: |
Aggiungi Tag
Nessun Tag, puoi essere il primo ad aggiungerne!!
|
MARC
| LEADER | 00000nam a2200000 a 4500 | ||
|---|---|---|---|
| 001 | UCZ3979 | ||
| 003 | CL-VaPUC | ||
| 008 | 951027e19660000UK |||||||||||||||||eng|d | ||
| 082 | 0 | 4 | |a 111.85 |b BOS |2 21 |
| 100 | 0 | |a Bosanquet, Bernard |e author |9 347833 | |
| 245 | 1 | 2 | |a A history of aesthetic |
| 300 | |a 502 p | ||
| 942 | |c BK | ||
| 945 | |d 19951027 00:00:00 |a lriquelm | ||
| 260 | |a Londres |b George Allen & Unwin |c 1966 | ||
| 650 | 0 | |a Estética |9 264950 | |
| 650 | 0 | |a Historia |9 255047 | |
| 650 | 0 | |a Artes |9 268202 | |
| 650 | 0 | |a Literatura |9 259151 | |
| 650 | 0 | |a Poesía |9 265825 | |
| 650 | 0 | |a Filosofía griega |9 265579 | |
| 650 | 0 | |a Filosofía medieval |9 256245 | |
| 650 | 0 | |a Filosofía moderna |9 258121 | |
| 650 | 0 | |a Filosofía alemana |9 265002 | |
| 650 | 0 | |a Idealismo |9 265685 | |
| 583 | |a last modification |c 19951027 00:00:00 |k Rodrigo Vera | ||
| 490 | 0 | |a Muirhead Library Philosophy | |
| 999 | |c 240418 |d 240416 | ||
| 952 | |0 0 |1 0 |4 0 |6 111_850000000000000_BOS_1966 |7 0 |8 P |9 252280 |a BIBEDU |b BIBEDU |c BIBEDU_PB |d 2019-11-18 |i 159334K |o 111.85 BOS 1966 |p 159334K |r 2024-01-25 |w 2019-11-18 |y BK |k FIL | ||